明日方舟角色升级材料名称 - Statistics

General Stats
  • This quiz has been taken 21 times
  • The average score is 18 of 53
Answer Stats
Answer % Correct
76%
装置
65%
D32钢
65%
固源岩
59%
扭转醇
59%
固源岩组
59%
白马醇
59%
破损装置
53%
聚酸酯
53%
全新装置
53%
糖组
53%
双极纳米片
53%
异铁
47%
研磨石
47%
源岩
41%
双酮
41%
凝胶
41%
聚酸酯组
41%
提纯源岩
41%
代糖
35%
酮凝集
35%
轻锰矿
35%
三水锰矿
35%
五水研磨石
35%
改量装置
35%
聚酸酯块
35%
聚合剂
35%
RMA70-12
35%
异铁碎片
29%
化合切削液
29%
炽合金
29%
异铁组
29%
酮凝集组
29%
糖聚块
29%
晶体电子单元
29%
聚合凝胶
24%
异铁块
24%
酮阵列
24%
RMA70-24
24%
酯原料
18%
切削原液
18%
固化纤维板
18%
晶体电路
18%
炽合金块
18%
烧结核凝晶
18%
褐素纤维
12%
半自然溶剂
12%
晶体元件
12%
转质盐聚块
12%
环烃预制体
12%
精炼溶剂
12%
转质盐组
6%
环烃聚质
6%
No matching quizzes found
Score Distribution
Percent of People with Each Score
Percentile by Number Answered
Your Score History
You have not taken this quiz